00547nam a2200133 a 450000100100000000500170001000800410002704000250006808200160009310000250010924501680013426000890030230000220039100002886820200930055204.0110412s1982 dr 000 0 spa d aDO-SdBNPbspacBNPHU axxxxbP116d1 aPacheco, Juan Rafael10aDiscurso pronunciado por el Dr. Juan Rafael Pacheco hijo, presidente del IDEI, con motivo del décimo aniversario de la institución /cJuan Rafael Pacheco hijo. aSanto Domingo :bInstituto Dominicano de Educación Integral (IDEI) :bAPEC,c1982. a[16 p.] ;c22 cm.